| 000 | 00887nam a2200253Ia 4500 | ||
|---|---|---|---|
| 003 | GCL | ||
| 008 | 140319s9999 xx 000 0 ara d | ||
| 040 |
_aGCL / _cGCL |
||
| 082 | 0 | 4 |
_a155.443 _bب د |
| 100 | 1 | _aبوردون، ماريان إديلمان | |
| 245 | 1 | 0 |
_aدليل الآباء الحائرين لصراع الاخوة / _cبوردون، ماريان إديلمان |
| 250 | _aالاولى | ||
| 260 |
_aالرياض : _bمكتبة جرير ، _c2004 |
||
| 300 |
_a177 ص ؛ _c24 سم |
||
| 650 | 0 | 4 | _aالعلاقات الاسرية |
| 650 | 0 | 4 | _aعلم النفس التربوى |
| 650 | 0 | 4 | _aالاباء والابناء |
| 650 | 0 | 4 | _aالامهات والابناء |
| 650 | 0 | 4 | _aالاطفال - علم نفس |
| 650 | 0 | 4 | _aالسلوك (علم نفس) |
| 650 | 0 | 4 | _aالاخوة والاخوات |
| 650 | 0 | 4 | _aقابيل وهابيل |
| 942 |
_2ddc _cBK |
||
| 999 |
_c9261 _d9261 |
||